Čína a boj proti praniu špinavých peňazí

Aktuálny stav legislatívy v oblasti prania špinavých peňazí a financovanie terorizmu v Číne. Analýza právnych noriem, ktoré túto oblasť upravujú.

Gespeichert in:
Bibliographische Detailangaben
1. Verfasser: Jančíková, Eva, 1960-
Format: Buchkapitel
Sprache:Slowakisch
Schlagworte:
Tags: Tag hinzufügen
Keine Tags, Fügen Sie das erste Tag hinzu!

MARC

LEADER 00000naa$a2200000$$$4500
001 0281435
005 20240502074400.4
041 0 |a slo 
044 |a SK 
245 1 0 |a Čína a boj proti praniu špinavých peňazí  |c Eva Jančíková 
520 |a Aktuálny stav legislatívy v oblasti prania špinavých peňazí a financovanie terorizmu v Číne. Analýza právnych noriem, ktoré túto oblasť upravujú. 
610 2 0 |a Čína 
610 2 0 |a terorizmus 
610 2 0 |a činnosť nelegálna 
610 2 0 |a normy právne 
610 2 0 |a regulácia 
610 2 0 |a financovanie 
100 1 |a Jančíková, Eva, 1960-